Countries with Direct Flights to South Africa - Statistics

General Stats
  • This quiz has been taken 79 times
  • The average score is 32 of 37
Answer Stats
Answer % Correct
France
98%
United Kingdom
98%
United States
98%
Egypt
96%
Ethiopia
96%
Mozambique
96%
Nigeria
96%
Democratic Republic of the Congo
95%
Kenya
95%
Angola
93%
Australia
93%
Brazil
93%
Germany
93%
Madagascar
93%
Namibia
93%
United Arab Emirates
93%
Zambia
93%
Zimbabwe
93%
Botswana
91%
China
91%
Netherlands
89%
Qatar
89%
Turkey
87%
Algeria
85%
Malawi
85%
Ghana
84%
Mauritius
84%
Rwanda
84%
Saudi Arabia
84%
Seychelles
82%
Tanzania
82%
Israel
80%
Uganda
80%
Singapore
76%
Switzerland
76%
Gabon
73%
South Africa
38%
No matching quizzes found
Score Distribution
Percent of People with Each Score
Percentile by Number Answered
Your Score History
You have not taken this quiz